Implementation of Royal Malaysian Customs I.C.T.R Development Action Plan Based on A Holistic Approach Year 2008 : (Record no. 3873)
[ view plain ]
| 000 -LEADER | |
|---|---|
| fixed length control field | nam a22 a 4500 |
| 005 - DATE AND TIME OF LATEST TRANSACTION | |
| control field | 20170524114538.0 |
| 008 - FIXED-LENGTH DATA ELEMENTS--GENERAL INFORMATION | |
| fixed length control field | 170524s2007 my ||||| |||| 00| 0 eng d |
| 040 ## - CATALOGING SOURCE | |
| Original cataloging agency | AKMAL |
| 082 ## - DEWEY DECIMAL CLASSIFICATION NUMBER | |
| Classification number | 352.448595 RMC |
| 090 ## - LOCALLY ASSIGNED LC-TYPE CALL NUMBER (OCLC); LOCAL CALL NUMBER (RLIN) | |
| Classification number (OCLC) (R) ; Classification number, CALL (RLIN) (NR) | 352.448595 |
| Local cutter number (OCLC) ; Book number/undivided call number, CALL (RLIN) | RMC |
| 110 ## - MAIN ENTRY--CORPORATE NAME | |
| Corporate name or jurisdiction name as entry element | Royal Malaysian Customs |
| Subordinate unit | HQ Public Relation Unit |
| 9 (RLIN) | 7651 |
| 245 10 - TITLE STATEMENT | |
| Title | Implementation of Royal Malaysian Customs I.C.T.R Development Action Plan Based on A Holistic Approach Year 2008 : |
| Remainder of title | Moving Forward . Blue Ocean Strategy. |
| 260 ## - PUBLICATION, DISTRIBUTION, ETC. | |
| Place of publication, distribution, etc. | Putrajaya : |
| Name of publisher, distributor, etc. | Public Relation Unit, Royal Malaysian Customs Headquarters, |
| Date of publication, distribution, etc. | [2007] |
| 300 ## - PHYSICAL DESCRIPTION | |
| Extent | 56pages: |
| Other physical details | col. ill.; |
| Dimensions | 25cm |
| 650 10 - SUBJECT ADDED ENTRY--TOPICAL TERM | |
| Topical term or geographic name entry element | Customs Administration |
| General subdivision | Law and legislation |
| 9 (RLIN) | 6000 |
| 710 2# - ADDED ENTRY--CORPORATE NAME | |
| Corporate name or jurisdiction name as entry element | Royal Malaysian Customs , |
| Subordinate unit | HQ Public Relation Unit. |
| 9 (RLIN) | 7651 |
| 942 ## - ADDED ENTRY ELEMENTS (KOHA) | |
| Source of classification or shelving scheme | |
| Koha item type | Book |
| 950 ## - LOCAL HOLDINGS (RLIN) | |
| Permanent shelving location, LOC (RLIN) | AKMAL |
| Withdrawn status | Lost status | Source of classification or shelving scheme | Damaged status | Not for loan | Collection code | Home library | Current library | Shelving location | Date acquired | Inventory number | Total Checkouts | Full call number | Barcode | Date last seen | Price effective from | Koha item type |
|---|---|---|---|---|---|---|---|---|---|---|---|---|---|---|---|---|
| NON-FICTION | AKMAL Melaka | AKMAL Melaka | PINJAMAN | 24.05.2017 | 305127 | 352.448595 RMC | 201705025 | 24.05.2017 | 24.05.2017 | Book | ||||||
| NON-FICTION | AKMAL Melaka | AKMAL Melaka | PINJAMAN | 24.05.2017 | 305128 | 352.448595 RMC | 201705026 | 24.05.2017 | 24.05.2017 | Book | ||||||
| NON-FICTION | AKMAL Melaka | AKMAL Melaka | PINJAMAN | 24.05.2017 | 305130 | 352.448595 RMC | 201705027 | 24.05.2017 | 24.05.2017 | Book | ||||||
| NON-FICTION | AKMAL Melaka | AKMAL Melaka | PINJAMAN | 24.05.2017 | 305131 | 352.448595 RMC | 201705028 | 24.05.2017 | 24.05.2017 | Book | ||||||
| NON-FICTION | AKMAL Melaka | AKMAL Melaka | PINJAMAN | 24.05.2017 | 305132 | 352.448595 RMC | 201705029 | 24.05.2017 | 24.05.2017 | Book | ||||||
| NON-FICTION | AKMAL Melaka | AKMAL Melaka | PINJAMAN | 24.05.2017 | 305133 | 352.448595 RMC | 201705030 | 24.05.2017 | 24.05.2017 | Book | ||||||
| NON-FICTION | AKMAL Melaka | AKMAL Melaka | PINJAMAN | 24.05.2017 | 305134 | 352.448595 RMC | 201705031 | 24.05.2017 | 24.05.2017 | Book | ||||||
| NON-FICTION | AKMAL Melaka | AKMAL Melaka | PINJAMAN | 24.05.2017 | 352.448595 RMC | 201705032 | 24.05.2017 | 24.05.2017 | Book |
